00307nam a2200109 a 450000500170000000800410001705000210005824500240007926000210010344000270012450000460015120140513081057.0080110s19uu xx 00 eng d aVCDbFly648 1982 aThe Flying house 6. bCBN Asia,c1982. aChildren bible stories aTitles: Neighbors , Poor little rich man